| 000 | | | 03681nmc2a2200000 x 450 |
| 001 | | | 4b6445f4-61ae-40b2-8b79-c9d8b804deb1 |
| 005 | | | 20160315190736.0 |
| 100 | ## | $a | 20150922l18271828k l0rusy0189 ca |
| 101 | 0# | $a | rus |
| 102 | ## | $a | RU |
| 200 | 1# | $a | Дело по высочайшему рескрипту, последовавшему на имя управляющего Министерством внутренних дел, по жалобе ландботен маршала барона Ренне об обиде, будто бы дворянству, нанесенной генерал-губернатором маркизом Паулуччи, при приеме от ландтага депутации |
| | $j | 23 сентября 1827 г. - 9 мая 1828 г. |
| 251 | ## | $c | Дело |
| 300 | ## | $a | Дело |
| 801 | #0 | $a | RU |
| | $b | РГИА |
| | $c | 20150922 |
| | $g | RCR |
| 801 | #1 | $a | RU |
| | $b | ГлавНИВЦ |
| | $c | 20150922 |
| | $2 | rusmarc |
| 801 | #2 | $a | RU |
| | $b | ПБ им. Б.Н. Ельцина |
| | $c | 20160315 |
| | $g | RCR |
| | $2 | rusmarc |
| 850 | ## | $a | РГИА |
| 852 | ## | $a | РГИА |
| | $e | Федеральное казенное учреждение "Российский государственный исторический архив" (РГИА) |
| | $j | 593 |
| 937 | ## | $h | РГИА |
| | $d | 12157608 |
| | $a | ASBIBLIO_SCAN |
| 462 | #0 | $1 | 0017fd3927d-4299-432a-b013-26f3e840c420 |
| | $1 | 2001 |
| | $a | 1826-1829 гг. Дела Департамента полиции исполнительной МВД за 1827 г. |
| | $1 | 251 |
| | $c | Опись |
| | $1 | 852 |
| | $j | 4 |
| 461 | #0 | $1 | 0013e300ed0-cd39-49af-8489-5ba5b90fa401 |
| | $1 | 2001 |
| | $a | Департамент полиции исполнительной МВД |
| | $1 | 251 |
| | $c | Фонд |
| | $1 | 852 |
| | $j | 1286 |
| 215 | ## | $a | 40 л. |
| | $d | 36,5х26 см |
| 371 | ## | $a | Документ не является опубликованным и широко распространяемым |
| 105 | ## | $a | y### |
| 122 | 2# | $a | d |
| 035 | ## | $a | 4b6445f4-61ae-40b2-8b79-c9d8b804deb1 |